00579nam a22001457a 4500003000400000005001700004008004100021040001400062100002300076245013600099260000900235300002800244500013000272504003100402OSt20171010095536.0121030t xxu||||| |||| 00| 0 eng d aMMSUcULS aGarcia, Aileen S.  aPerformance of Jatropha curcas L. as affected by different levels of organic fertilizer under nursery conditionscAileen S. Garcia  c2008 axii, 52 leaves c28 cm. aThesis (BS Forestry) -- Mariano Marcos State University-College of Agriculture, Food and Sustainable Development, Batac City  aBibliography: leaves 34-35